000 00472nam a2200181Ia 4500
001 3427
005 20260306145642.0
008 260306t2010||||xx |||||||||||||| ||spa||
041 _aESP
082 _a276.6
_bT82
100 _aTrower, Philip
_eAUT
245 0 _aConfusión y verdad:
_braíces históricas de la crisis de la Iglesia en el siglo XX
260 _c2010
300 _a767 páginas :
_c21 cm.
650 _aGEN
654 _aCHU
942 _cLIB
_dJUS
_fJUS
_2ddc
_n
999 _c3427
_d3427